[Event "British Universities-ch"]
[Site "Chess.com INT"]
[Date "2022.03.05"]
[Round "2.3"]
[White "Panicker, Sidharth"]
[Black "Stoyanov, Viktor"]
[Result "0-1"]
[WhiteElo "1487"]
[BlackElo "2236"]
[PlyCount "54"]
[EventDate "2022.03.05"]
[EventType "swiss"]
[EventRounds "9"]
[EventCountry "ENG"]
[SourceTitle "EXT 2023"]
[Source "ChessBase"]
[SourceDate "2022.10.05"]
[SourceVersion "1"]
[SourceVersionDate "2022.10.05"]
[SourceQuality "1"]
[WhiteTeam "Warwick (Castles) III"]
[BlackTeam "Warwick (Queens)"]
[WhiteTeamCountry "ENG"]
[BlackTeamCountry "ENG"]

1. e4 c5 2. Nf3 Nc6 3. Nc3 e5 4. Bc4 Be7 5. d3 Nf6 6. Be3 h6 7. 0-0 d6 8. h3 0-0 9. Qd2 Be6 10. Bb3 Nd4 11. Nh2 Qd7 12. Bxd4 cxd4 13. Ne2 Bxb3 14. cxb3 d5 15. Rac1 dxe4 16. dxe4 Nxe4 17. Qd3 Nf6 18. Ng3 Rfc8 19. Rfe1 Qd5 20. Nf5 Bf8 21. Rc2 e4 22. Qg3 Qxf5 23. Rxc8 Rxc8 24. Re2 d3 25. Rd2 Rc2 26. Rxc2 dxc2 27. Qc3 Qc5 0-1